000 00563nam a2200205Ia 4500
005 20250508165601.0
008 008 250505s9999 xx 000 0 eng d
020 _a978-1-4725-0720-4
037 _aTextual
040 _aFEDL
_beng
_cFEDL
041 _aeng
_2eng
084 _a294.5, DAL
_qFEDL
100 _aDalmia Vasudha
245 0 _aHindu pasts: Women, religion histories
260 _aRanikhet, India
_bPermanent Black
_c2015
300 _aviii, 366p.
365 _aINR
_b895
942 _cTEXL
_h294.5, DAL
999 _c1396000
_d1396000